000 00469nam a2200157Ia 4500
008 100122s9999 xx 000 0 und d
082 _b66642
_a824
100 _aतेंडुलकर प्रिया
245 _aपंचतारांकित
250 _a3
260 _bराजहंस प्रकाशन
_c2003
300 _a134
630 _aपंचतारांकित
730 _aपंचतारांकित
942 _cBOOK
999 _c439109
_d439106